| 000 | 00814nam a2200277 a 4500 | ||
|---|---|---|---|
| 008 | |||
| 020 | _a0471007447 (alk. paper) | ||
| 020 | _a0471515779 | ||
| 049 | _aMAIN | ||
| 090 | _aHD57.7 | ||
| 245 | 0 | 0 |
_aBecoming a master manager : _ba competency framework / _cRobert E. Quinn ... [et al.]. |
| 260 |
_aNew York : _bJohn Wiley, _cc1990. |
||
| 300 |
_axvi, 345 p. : _bill. ; _c24 cm. |
||
| 504 | _aIncludes bibliographical references. | ||
| 500 | _aIncludes index. | ||
| 650 | 0 | _aLeadership. | |
| 650 | 0 | _aExecutive ability. | |
| 650 | 0 | _aManagement. | |
| 650 | 0 | _aOrganizational behavior. | |
| 700 | 1 | _aQuinn, Robert E. | |
| 907 |
_a.b10037317 _b14-07-03 _c17-04-03 |
||
| 003 | |||
| 005 | 20230123133330.0 | ||
| 040 | _cNUST | ||
| 942 |
_cBOOKS _kHD57.7 |
||
| 999 |
_c146767 _d146767 |
||